| 000 | 00435nam a2200169Ia 4500 | ||
|---|---|---|---|
| 008 | 221030s9999 xx 000 0 und d | ||
| 020 | _a8122401899 | ||
| 041 | _aEnglish | ||
| 082 |
_a105.23 _bSri |
||
| 100 | _aU. K. Srivastava | ||
| 245 | 0 | _aQuantitative Techniques For Managerial Decisions | |
| 260 |
_bNew Age International Pub _aNew Delhi _c2005 |
||
| 300 | _a941 | ||
| 650 | _aManagement | ||
| 700 | _aG.V. Shenoy | ||
| 942 | _cBK | ||
| 999 |
_c134 _d134 |
||